000 00618nam a2200241 a 4500
001 nice12345678
003 IN_TiNIC
005 20260116012449.0
008 050524s1982 dela grp 000 0 eng
020 _a
_c90
082 0 0 _a305.6297054
_bASH
100 _aAshraf, Mujeeb
245 _aMuslim Attitudes Towards British Rule and Western Culture in India
260 _aDelhi
_bIdara-I-Adabiyat-I-Dilli
_c1982
300 _a326p
500 _aincludes index and biblioraphy
505 2 _aIndex
650 _aMuslims-India
700 1 _aAshraf, Mujeeb
902 _bSRS
942 _cBK
999 _c7121
_d7121